[Event "5th EKA IIFL Investment 2019"]
[Site "Mumbai"]
[Date "2020.01.05"]
[Round "7.18"]
[White "Srihari L R"]
[Black "Sardana, Rishi"]
[Result "0-1"]
[WhiteElo "2302"]
[BlackElo "2437"]
[Annotator "TA"]
[PlyCount "90"]
[EventDate "2019.12.30"]
[EventType "swiss"]
[EventCountry "IND"]
[SourceTitle "playchess.com"]
[Source "ChessBase"]
[SourceQuality "1"]

{[%evp 19,90,-17,-17,-27,-29,-28,15,-31,-31,-68,-60,-57,-16,-17,-31,-36,-31,-31,-14,-24,-14,-34,-6,0,-20,-36,0,0,0,0,0,0,-12,-12,-11,-145,-152,-226,-217,-225,-239,-294,-198,-216,-351,-229,-213,-213,-111,-109,-118,-236,-243,-269,-280,-1333,-1272,-2037,-2037,-29995,-29995,-29996,-29997,-29998,-29996,-29996,-29977,-29973,-29974,-29995,-29996,-29996,-29997]} 1. Nf3 d5 2. g3 g6 3. Bg2 Bg7 4. O-O e5 5. d3 Ne7 6. e4 O-O 7. Nbd2 Nbc6 8. c3 a5 9. a4 h6 10. Qc2 Be6 11. exd5 {A07: Réti Opening: New York and Capablanca Systems} (11. b3 g5 12. Ba3 Re8 13. Rfe1 Ng6 14. exd5 Bxd5 15. h3 f5 16. Nc4 e4 17. dxe4 Bxe4 18. Qb2 Qd3 {½-½ (75) Harikrishna,P (2727)-Bacrot,E (2718) Beijing 2014}) 11... Bxd5 12. Nc4 g5 13. Ne3 {The position is equal.} Be6 $1 14. d4 exd4 15. Rd1 f5 16. Nxd4 Nxd4 17. cxd4 f4 18. d5 $1 {[%cal Rd5e6]} Bd7 19. Nc4 $146 Nf5 {Strongly threatening ...Qe8.} 20. d6 Kh8 {Threatening ...cxd6.} 21. Bd2 Nd4 ({Reject} 21... cxd6 22. Bc3 $14) 22. Qe4 f3 23. Bf1 Bc6 24. Qd3 {[#]} Ne2+ $1 {[%mdl 512]} 25. Bxe2 fxe2 26. Re1 Qd7 {...Qh3! is the strong threat.} 27. Bc3 {[#]} (27. Rxe2 $11 {keeps the balance.} Qh3 28. f4 gxf4 29. Bc3) 27... Qh3 $1 $17 {[%csl Gc6][%cal Rh3g2][%mdl 512]} 28. Bxg7+ (28. Ne3 $17 {was worth a try.} Rxf2 {[%mdl 64] Deflection} 29. Kxf2 Qxh2+ 30. Ng2 Qxg2+ 31. Ke3 Qxg3+ 32. Kxe2 Re8+ 33. Kd2 Qh2+ 34. Re2 Rxe2+ 35. Qxe2 Bxc3+ 36. bxc3 Qxd6+ 37. Kc2) 28... Kxg7 $19 {[%csl Gc6][%cal Rh3g2]} 29. Ne3 {[#]} Rxf2 $1 $40 {[%csl Gf2][%cal Rh3h2][%mdl 640] White is in trouble.} 30. Qd4+ (30. Kxf2 Qxh2+) 30... Kg8 {[%csl Gf2][%cal Rh3h2]} 31. Kxf2 Qxh2+ 32. Ng2 Qxg2+ 33. Ke3 Re8+ ({Better is} 33... Qxg3+ $19 34. Kd2 Rd8 35. Qc4+ Kg7 36. Rxe2 Rxd6+ 37. Kc1 g4) 34. Kd2 $17 Qxg3 {And now ...Re4 would win.} 35. Qc4+ (35. dxc7 $17 Qxc7 36. Qc4+ Kg7 37. Rxe2) 35... Kg7 $19 36. Qd4+ Kg6 {Hoping for ...Re4.} 37. dxc7 $2 (37. Rxe2 Rxe2+ 38. Kxe2) 37... Qxc7 38. Qd3+ Be4 {( -> ...Qf4+)} 39. Qc3 Qf4+ {Black mates.} 40. Qe3 Rd8+ 41. Kxe2 Qh2+ 42. Qf2 Rd2+ {[%mdl 64] Deflection} 43. Kxd2 Qxf2+ 44. Kc3 Qc5+ 45. Kd2 Qd4+ {[%mdl 64] Double Attack. Accuracy: White = 27%, Black = 45%.} 0-1

[Event "5th EKA IIFL Investment 2019"]
[Site "Mumbai"]
[Date "2020.01.05"]
[Round "7.19"]
[White "Srijit Paul"]
[Black "Puranik, Abhimanyu"]
[Result "0-1"]
[WhiteElo "2313"]
[BlackElo "2598"]
[Annotator "ChessBase"]
[PlyCount "66"]
[EventDate "2019.12.30"]
[EventType "swiss"]
[EventCountry "IND"]
[SourceTitle "playchess.com"]
[Source "ChessBase"]
[SourceQuality "1"]
[TimeControl "40/5400+30:1800+30"]

1. e4 {[%emt 0:00:00]} e5 {[%emt 0:00:00]} 2. Nf3 {[%emt 0:00:00]} Nc6 {[%emt 0:00:00]} 3. Bc4 {[%emt 0:01:24]} Bc5 {[%emt 0:00:07]} 4. c3 {[%emt 0:00:12]} Nf6 {[%emt 0:00:32]} 5. d3 {[%emt 0:00:05]} d6 {[%emt 0:00:29]} 6. h3 {[%emt 0:00:11]} a6 {[%emt 0:00:46]} 7. Bb3 {[%emt 0:00:04]} h6 {[%emt 0:01:06]} 8. Nbd2 {[%emt 0:00:20]} Be6 {[%emt 0:01:59]} 9. Qe2 {[%emt 0:06:17]} O-O {[%emt 0:01:02]} 10. g4 {[%emt 0:02:17]} d5 {[%emt 0:10:21]} 11. g5 {[%emt 0:02:16]} Nh5 {[%emt 0:02:46]} 12. Nf1 {[%emt 0:00:36]} dxe4 {[%emt 0:07:59]} 13. dxe4 {[%emt 0:06:27]} Bxb3 {[%emt 0:06:28]} 14. axb3 {[%emt 0:02:13]} hxg5 {[%emt 0:02:39]} 15. Nxg5 {[%emt 0:02:21]} g6 {[%emt 0:00:35]} 16. Rg1 {[%emt 0:00:11]} Qf6 {[%emt 0:02:51]} 17. Ne3 {[%emt 0:14:45]} Nf4 {[%emt 0:04:54]} 18. Nd5 {[%emt 0:09:16]} Bxf2+ {[%emt 0:01:32]} 19. Kxf2 {[%emt 0:00:04]} Nxd5+ {[%emt 0:00:06]} 20. Kg3 {[%emt 0:00:04]} Nf4 {[%emt 0:01:23]} 21. Qg4 {[%emt 0:00:04]} Rad8 {[%emt 0:08:26]} 22. Bxf4 {[%emt 0:01:07]} exf4+ {[%emt 0:02:39]} 23. Qxf4 {[%emt 0:00:05]} Rd3+ {[%emt 0:03:26]} 24. Nf3 {[%emt 0:00:05]} Qxf4+ {[%emt 0:10:38]} 25. Kxf4 {[%emt 0:00:07]} Nd8 {[%emt 0:00:25]} 26. Rad1 {[%emt 0:02:38]} Ne6+ {[%emt 0:00:08]} 27. Kg4 {[%emt 0:00:05]} Nc5 {[%emt 0:07:01]} 28. Ng5 {[%emt 0:02:17]} Rxd1 {[%emt 0:08:47]} 29. Rxd1 {[%emt 0:00:07]} Re8 {[%emt 0:00:02]} 30. Kg3 {[%emt 0:15:07]} a5 {[%emt 0:08:54]} 31. Rd4 {[%emt 0:04:50]} Re5 {[%emt 0:02:01]} 32. h4 {[%emt 0:04:40]} f6 {[%emt 0:00:30]} 33. b4 {[%emt 0:00:02]} fxg5 {[%emt 0:02:01]} 0-1

[Event "5th EKA IIFL Investment 2019"]
[Site "Mumbai"]
[Date "2020.01.05"]
[Round "7.20"]
[White "Krishna C R G"]
[Black "Kaustuv, Kundu"]
[Result "1-0"]
[WhiteElo "2436"]
[BlackElo "2349"]
[Annotator "TA"]
[PlyCount "133"]
[EventDate "2019.12.30"]
[EventType "swiss"]
[EventCountry "IND"]
[SourceTitle "playchess.com"]
[Source "ChessBase"]
[SourceQuality "1"]

{[%evp 24,133,4,0,0,-8,-10,-50,22,10,63,0,0,0,0,0,0,0,17,-5,0,-1,-4,-8,-2,-29,-14,-19,-16,-35,-32,-40,-27,-43,-45,-45,-52,-10,-13,-45,-12,-33,16,16,15,12,20,16,16,12,9,14,39,37,34,28,45,18,33,27,35,0,8,12,32,26,77,35,34,32,48,43,62,64,64,64,64,58,64,39,55,56,56,64,64,58,64,63,68,61,70,8,8,8,8,8,265,273,629,830,29968,29969,29973,29974,29973,29974,29976,29977,29978,29979,29978,29976]} 1. d4 Nf6 2. c4 e6 3. g3 c5 4. d5 exd5 5. cxd5 d6 6. Nc3 g6 7. Bg2 Bg7 8. Nf3 O-O 9. O-O Re8 10. Nd2 a6 11. a4 Nbd7 12. Nc4 Ne5 13. Na3 Nh5 {A64: Modern Benoni: Fianchetto Variation: 9...Nbd7 10 Nd2 a6 11 a4 Re8} 14. Bd2 Rb8 15. h3 b5 ({Better is} 15... f5 $15) (15... Bd7 16. Rb1 f5 17. b4 Qc7 18. bxc5 Qxc5 19. Qb3 Nxg3 20. Rfc1 Nf7 21. e3 Bxc3 22. fxg3 Bxd2 23. Rxc5 Bxe3+ {0-1 (79) Grachev,B (2654)-Morozevich,A (2676) Sochi 2017}) 16. axb5 $11 axb5 (16... f5 $11) 17. Ncxb5 (17. Naxb5 $14 Qb6 18. g4) 17... Ba6 18. Qa4 Bxb5 19. Nxb5 Qd7 20. Nc3 Rxb2 21. Rfd1 Qxa4 22. Rxa4 f5 $146 23. Bf1 Reb8 24. Kg2 Nd7 25. Be1 Nb6 {[#] aiming for ...Bxc3.} 26. Ra6 Be5 27. Kg1 Rb3 28. Rc1 Nf6 29. e3 Bxc3 30. Bxc3 Nfxd5 31. Ba1 Kf8 32. Rd1 Rd8 (32... Nc7 $5 {[%cal Rc7a6]} 33. Ra5 Nbd5 $11) 33. Ra7 Ne7 34. Bf6 Rd7 35. Rxd7 $1 Nxd7 36. Rxd6 Nxf6 37. Rxf6+ {[%mdl 4096] Endgame KRB-KRN} Ke8 38. Rd6 Rc3 39. Bb5+ Kf7 40. Kg2 Ng8 41. Rd7+ Ne7 42. Rd6 Ng8 43. g4 fxg4 44. hxg4 g5 (44... Nf6 $11 {keeps the balance.}) 45. Bd7 Ke7 46. Rd1 Nf6 47. Bf5 h5 48. gxh5 Nxh5 49. Rd7+ Kf6 50. Bg4 Ng7 51. e4 Rc4 52. Kf3 Rc3+ 53. Ke2 Rc2+ 54. Ke3 Rc3+ 55. Kd2 Rc4 56. Kd3 Ra4 57. Rd6+ (57. Rc7 $14) 57... Ke5 $132 {[%mdl 2048] Black is not holding back} 58. Rd5+ Kf4 {[#] White must now prevent ...c4+.} 59. f3 Ra3+ $2 {[%mdl 8192]} (59... Rd4+ $1 $11 60. Rxd4 cxd4) 60. Kc4 $18 Ne6 $2 (60... Ra7 61. Rxc5 (61. Kxc5 Ra6 $16) 61... Re7) 61. Bxe6 Rxf3 {KRB-KR} 62. Rd8 {White mates.} g4 63. Bd5 Re3 64. Rg8 g3 65. Kxc5 Re2 66. Kd6 g2 67. Rg7 {Accuracy: White = 52%, Black = 47%.} 1-0

[Event "5th EKA IIFL Investment 2019"]
[Site "Mumbai"]
[Date "2020.01.05"]
[Round "7.21"]
[White "Nguyen, Van Huy"]
[Black "Anuj Shrivatri"]
[Result "1/2-1/2"]
[WhiteElo "2463"]
[BlackElo "2348"]
[Annotator "TA"]
[PlyCount "101"]
[EventDate "2019.12.30"]
[EventType "swiss"]
[EventCountry "IND"]
[SourceTitle "playchess.com"]
[Source "ChessBase"]
[SourceQuality "1"]

{[%evp 22,101,15,0,10,0,6,0,0,-12,0,0,0,-18,-18,-31,-23,-30,-23,-30,-30,-30,-26,-54,-55,-54,-58,-54,-12,-7,-8,-62,-21,-85,-16,-87,-7,-13,-13,-13,-13,-13,-13,-13,-13,-13,-15,-35,-21,-28,-28,-28,-28,-29,-29,-29,-28,-28,-28,-28,-23,-27,-11,-11,-11,-11,-1,-1,0,0,0,0,0,0,0,0,0,0,0,0,0,0]} 1. d4 Nf6 2. Nf3 d5 3. c4 e6 4. g3 Be7 5. Bg2 O-O 6. O-O dxc4 7. Qc2 a6 8. a4 Bd7 9. Qxc4 Bc6 10. Bf4 Bd6 11. Bg5 Nbd7 12. Nc3 h6 {E05: Open Catalan: 5 Nf3 Be7} 13. Bxf6 (13. Bc1 a5 14. b3 Qe7 15. Bb2 Rfd8 16. Rac1 Ba3 17. Bxa3 Qxa3 18. Nb5 Qe7 19. Qc2 Bxf3 20. Bxf3 {½-½ (31) Ding,L (2769)-Mamedyarov,S (2809) Berlin 2018}) 13... Nxf6 14. Rfe1 Bd5 15. Nxd5 exd5 16. Qb3 Rb8 17. Nd2 a5 18. Nf3 Re8 $36 {[%mdl 2048] Black has some pressure.} 19. e3 c6 20. Rac1 Ne4 $146 21. Re2 h5 22. Nd2 Nxd2 23. Rxd2 h4 24. Re2 hxg3 25. hxg3 Qg5 26. Rcc2 (26. Bf3 $11) 26... Qf5 27. Rc1 (27. e4 $11 dxe4 28. Qe3) 27... Qh5 (27... Qg4 $17 28. Qd3 f5) 28. Qd1 (28. Qd3 $11) 28... Rbd8 ({Black should try} 28... f5 $17) 29. e4 dxe4 30. Rxe4 Qxd1+ 31. Rxd1 Rxe4 32. Bxe4 $11 {[%mdl 4096] Endgame [#] KRB-KRB} Be5 $1 {[%mdl 512]} 33. d5 (33. dxe5 Rxd1+) 33... Bxb2 34. Rd3 Kf8 35. dxc6 Rxd3 36. Bxd3 {[#] And now c7 would win.} bxc6 {KB-KB} 37. f3 Ke7 38. Kf2 Kd6 39. Ke2 Kc5 40. Be4 $1 f5 41. Bxf5 Kb4 42. Bd7 {The position is equal.} c5 43. Kd3 Kb3 {...c4+ is the strong threat.} 44. Be6+ Kxa4 45. Kc4 Bd4 46. f4 Ka3 47. Kb5 Kb2 48. Kxa5 Kc3 49. Kb5 Kd3 50. g4 Ke4 51. f5 {Accuracy: White = 49%, Black = 68%.} 1/2-1/2

[Event "5th EKA IIFL Investment 2019"]
[Site "Mumbai"]
[Date "2020.01.05"]
[Round "7.22"]
[White "Pranesh M"]
[Black "Koustav Chatterjee"]
[Result "1/2-1/2"]
[WhiteElo "2317"]
[BlackElo "2443"]
[Annotator "NA"]
[PlyCount "84"]
[EventDate "2019.12.30"]
[EventType "swiss"]
[EventCountry "IND"]
[SourceTitle "playchess.com"]
[Source "ChessBase"]
[SourceQuality "1"]
[TimeControl "40/5400+30:1800+30"]

1. e4 {[%emt 0:00:00]} e5 {[%emt 0:00:00]} 2. Nf3 {[%emt 0:00:00]} Nc6 {[%emt 0:00:00]} 3. Bb5 {[%emt 0:00:02]} a6 {[%emt 0:00:00]} 4. Ba4 {[%emt 0:00:04]} Nf6 {[%emt 0:00:00]} 5. O-O {[%emt 0:00:09]} Be7 {[%emt 0:00:00]} 6. Re1 {[%emt 0:00:07]} b5 {[%emt 0:00:02]} 7. Bb3 {[%emt 0:00:01]} O-O {[%emt 0:00:10]} 8. c3 {[%emt 0:05:35]} d5 {[%emt 0:00:57]} 9. d3 {[%emt 0:01:10]} d4 {[%emt 0:25:15]} 10. a4 {[%emt 0:02:24]} Rb8 {[%emt 0:01:02]} 11. axb5 {[%emt 0:08:57]} axb5 {[%emt 0:00:18]} 12. h3 {[%emt 0:00:49]} Bc5 {[%emt 0:06:01]} 13. Bc2 {[%emt 0:04:15]} Re8 {[%emt 0:13:13]} 14. Nbd2 {[%emt 0:01:48]} h6 {[%emt 0:00:21]} 15. Nb3 {[%emt 0:02:17]} Bb6 {[%emt 0:00:48]} 16. cxd4 {[%emt 0:02:13]} exd4 {[%emt 0:01:46]} 17. Bf4 {[%emt 0:02:08]} Be6 {[%emt 0:03:04]} 18. Qd2 {[%emt 0:04:30]} Qe7 {[%emt 0:04:11]} 19. Rec1 {[%emt 0:02:36]} Rbd8 {[%emt 0:03:35]} 20. Bd1 {[%emt 0:13:40]} Nb4 {[%emt 0:01:05]} 21. Bxc7 {[%emt 0:08:26]} Bxc7 {[%emt 0:00:44]} 22. Rxc7 {[%emt 0:00:32]} Qxc7 {[%emt 0:00:09]} 23. Qxb4 {[%emt 0:00:04]} Nh5 {[%emt 0:06:12]} 24. Nbxd4 {[%emt 0:04:52]} Nf4 {[%emt 0:01:39]} 25. Qd2 {[%emt 0:02:14]} g5 {[%emt 0:04:08]} 26. h4 {[%emt 0:03:50]} Bg4 {[%emt 0:05:28]} 27. Rc1 {[%emt 0:00:42]} Qd7 {[%emt 0:03:00]} 28. hxg5 {[%emt 0:02:11]} Bxf3 {[%emt 0:06:49]} 29. Qxf4 {[%emt 0:02:33]} Qxd4 {[%emt 0:01:22]} 30. g6 {[%emt 0:05:34]} fxg6 {[%emt 0:02:31]} 31. Bb3+ {[%emt 0:01:24]} Kh7 {[%emt 0:00:14]} 32. Rc7+ {[%emt 0:09:01]} Rd7 {[%emt 0:00:05]} 33. Rxd7+ {[%emt 0:00:21]} Qxd7 {[%emt 0:00:07]} 34. Qxf3 {[%emt 0:00:07]} Qg7 {[%emt 0:02:24]} 35. Bd5 {[%emt 0:01:31]} Rc8 {[%emt 0:00:49]} 36. g3 {[%emt 0:04:17]} Qxb2 {[%emt 0:00:44]} 37. Qf7+ {[%emt 0:00:23]} Qg7 {[%emt 0:00:08]} 38. Qe6 {[%emt 0:00:03]} Rc3 {[%emt 0:04:59]} 39. Qd6 {[%emt 0:02:38]} b4 {[%emt 0:01:22]} 40. Qxb4 {[%emt 0:00:00]} Rxd3 {[%emt 0:00:00]} 41. Qd6 {[%emt 0:04:03]} Rd1+ {[%emt 0:01:58]} 42. Kg2 {[%emt 0:00:10]} Re1 {[%emt 0:00:46]} 1/2-1/2

[Event "5th EKA IIFL Investment 2019"]
[Site "Mumbai"]
[Date "2020.01.05"]
[Round "7.23"]
[White "Harshad S"]
[Black "Mohammad Nubairshah Shaikh"]
[Result "1/2-1/2"]
[WhiteElo "2314"]
[BlackElo "2428"]
[Annotator "TA"]
[PlyCount "80"]
[EventDate "2019.12.30"]
[EventType "swiss"]
[EventCountry "IND"]
[SourceTitle "playchess.com"]
[Source "ChessBase"]
[SourceQuality "1"]

{[%evp 25,80,-14,0,-45,-18,-17,-21,-21,0,-25,0,-50,68,35,29,32,16,16,16,15,16,6,20,0,0,0,0,-16,123,-140,-23,-51,-22,-28,-23,-67,-19,-25,-18,-35,74,25,68,68,68,64,65,55,65,60,66,65,65,62,66,27,97]} 1. e4 Nf6 2. e5 Nd5 3. d4 d6 4. Nf3 g6 5. Be2 Bg7 6. exd6 cxd6 7. O-O O-O 8. c4 Nb6 9. Nc3 Nc6 10. h3 Bf5 11. Be3 d5 12. c5 Nc4 13. Bc1 b6 14. g4 {B04: Alekhine's Defence: 4 Nf3} (14. cxb6 axb6 15. Qb3 e6 16. Bxc4 Na5 17. Qd1 Nxc4 18. Qe2 h5 19. Bg5 f6 20. Bf4 g5 21. Bh2 Qd7 22. b3 Na3 {0-1 (57) Liang,A (2569)-Gareyev,T (2595) Middleton 2018}) 14... Bc8 15. b3 N4a5 {...bxc5 is the strong threat.} 16. cxb6 {The position is equal.} axb6 17. Bf4 f6 18. Qd2 Be6 (18... e5 $15 19. Be3 e4) 19. Rab1 Bf7 20. Rfd1 Nb7 21. Bb5 $36 {[%mdl 2048] White is pushing.} Na7 22. Bf1 $146 Nd6 23. Re1 Qd7 24. Rbd1 Nc6 25. Bg2 Ra5 26. Bg3 b5 {[#]} (26... Rd8 $11 {remains equal.}) 27. Nh2 $2 {[%mdl 8192]} (27. Nxd5 $1 $16 {[%mdl 512]} Ne4 (27... Bxd5 28. Ne5) 28. Nb6 (28. Rxe4 Bxd5 29. Re2 Rfa8 $15)) 27... e6 (27... b4 $17 28. Na4 {[#]} Ne4 $1 {[%mdl 512]} 29. Bxe4 dxe4 30. Rxe4 f5) 28. a4 b4 29. Na2 Rb8 30. Qf4 Rd8 (30... e5 $5 31. dxe5 fxe5 $17) 31. Qd2 Qb7 32. Rc1 e5 (32... Raa8 $15 {keeps the upper hand.}) 33. dxe5 (33. Rxc6 $5 Qxc6 34. dxe5 fxe5 35. Nxb4 $14) 33... fxe5 {[#] Threatens to win with ...Ne4!} 34. Rxc6 $1 {[%mdl 512]} Qxc6 35. Nxb4 Qa8 {[#] And now ...Ne4 would win.} 36. Nc6 $1 {[%mdl 512]} Qxc6 37. Qxa5 Ra8 38. Qd2 Ne4 $1 {[%cal Re4d2]} 39. Bxe4 $1 dxe4 40. Qe3 (40. Rc1 $5 {[%cal Rc1c6]} Qd5 41. Qxd5 Bxd5 42. Rb1 $14) 40... Bd5 {Accuracy: White = 38%, Black = 40%.} (40... Qd5 $11 {keeps the balance.}) 1/2-1/2

[Event "5th EKA IIFL Investment 2019"]
[Site "Mumbai"]
[Date "2020.01.05"]
[Round "7.24"]
[White "Sundararajan, Kidambi"]
[Black "Shailesh, Dravid"]
[Result "1/2-1/2"]
[WhiteElo "2414"]
[BlackElo "2311"]
[Annotator "NA"]
[PlyCount "83"]
[EventDate "2019.12.30"]
[EventType "swiss"]
[EventCountry "IND"]
[SourceTitle "playchess.com"]
[Source "ChessBase"]
[SourceQuality "1"]
[TimeControl "40/5400+30:1800+30"]

1. g3 {[%emt 0:00:00]} e5 {[%emt 0:00:38]} 2. Bg2 {[%emt 0:00:49]} d6 {[%emt 0:01:07]} 3. d4 {[%emt 0:01:24]} exd4 {[%emt 0:01:34]} 4. Qxd4 {[%emt 0:00:30]} Nf6 {[%emt 0:00:30]} 5. Nh3 {[%emt 0:03:38]} Nc6 {[%emt 0:01:50]} 6. Qd1 {[%emt 0:02:23]} g6 {[%emt 0:05:20]} 7. c4 {[%emt 0:02:55]} Bg7 {[%emt 0:01:02]} 8. Nc3 {[%emt 0:01:39]} O-O {[%emt 0:00:36]} 9. O-O {[%emt 0:02:20]} Re8 {[%emt 0:08:05]} 10. Nf4 {[%emt 0:02:58]} Bf5 {[%emt 0:01:56]} 11. f3 {[%emt 0:03:14]} Ne5 {[%emt 0:02:53]} 12. e4 {[%emt 0:01:05]} Bd7 {[%emt 0:01:20]} 13. b3 {[%emt 0:03:50]} a6 {[%emt 0:04:20]} 14. a4 {[%emt 0:05:25]} a5 {[%emt 0:07:30]} 15. Be3 {[%emt 0:02:15]} b6 {[%emt 0:04:09]} 16. Rc1 {[%emt 0:01:16]} Bc8 {[%emt 0:03:49]} 17. Nfd5 {[%emt 0:09:59]} Nxd5 {[%emt 0:03:48]} 18. Nxd5 {[%emt 0:00:16]} Bb7 {[%emt 0:05:32]} 19. Bh3 {[%emt 0:15:37]} Nd7 {[%emt 0:16:30]} 20. Bxd7 {[%emt 0:02:02]} Qxd7 {[%emt 0:00:10]} 21. Bd4 {[%emt 0:00:30]} f5 {[%emt 0:02:04]} 22. exf5 {[%emt 0:01:58]} gxf5 {[%emt 0:01:31]} 23. Rc2 {[%emt 0:08:54]} Qf7 {[%emt 0:04:08]} 24. Bxg7 {[%emt 0:05:48]} Qxg7 {[%emt 0:00:58]} 25. Qd3 {[%emt 0:06:45]} Re5 {[%emt 0:03:29]} 26. Qc3 {[%emt 0:05:22]} Qf7 {[%emt 0:02:19]} 27. f4 {[%emt 0:04:05]} Re6 {[%emt 0:02:06]} 28. Re1 {[%emt 0:02:02]} Rxe1+ {[%emt 0:03:15]} 29. Qxe1 {[%emt 0:00:06]} Bxd5 {[%emt 0:00:03]} 30. cxd5 {[%emt 0:00:08]} Re8 {[%emt 0:00:05]} 31. Re2 {[%emt 0:01:52]} Rxe2 {[%emt 0:01:55]} 32. Qxe2 {[%emt 0:00:04]} Qxd5 {[%emt 0:00:06]} 33. Qe8+ {[%emt 0:00:08]} Kg7 {[%emt 0:00:06]} 34. Qe7+ {[%emt 0:00:08]} Kg6 {[%emt 0:01:52]} 35. Qg5+ {[%emt 0:00:18]} Kf7 {[%emt 0:00:05]} 36. Qh5+ {[%emt 0:00:09]} Ke7 {[%emt 0:04:30]} 37. Qxh7+ {[%emt 0:00:16]} Kd8 {[%emt 0:00:04]} 38. Qh8+ {[%emt 0:01:52]} Kd7 {[%emt 0:00:05]} 39. Qg7+ {[%emt 0:01:49]} Kc6 {[%emt 0:01:07]} 40. Qc3+ {[%emt 0:00:00]} Kb7 {[%emt 0:00:00]} 41. Kf2 {[%emt 0:03:00]} Kb8 {[%emt 0:04:59]} 42. Qh8+ {[%emt 0:01:26]} 1/2-1/2

[Event "5th EKA IIFL Investment 2019"]
[Site "Mumbai"]
[Date "2020.01.05"]
[Round "7.25"]
[White "Nitish Belurkar"]
[Black "Zysk, Robert"]
[Result "1/2-1/2"]
[WhiteElo "2294"]
[BlackElo "2409"]
[Annotator "NA"]
[PlyCount "82"]
[EventDate "2019.12.30"]
[EventType "swiss"]
[EventCountry "IND"]
[SourceTitle "playchess.com"]
[Source "ChessBase"]
[SourceQuality "1"]
[TimeControl "40/5400+30:1800+30"]

1. e4 {[%emt 0:00:00]} e6 {[%emt 0:00:00]} 2. d4 {[%emt 0:00:00]} d5 {[%emt 0:00:00]} 3. Nd2 {[%emt 0:00:00]} Be7 {[%emt 0:03:51]} 4. c3 {[%emt 0:01:08]} dxe4 {[%emt 0:04:24]} 5. Nxe4 {[%emt 0:00:08]} Nd7 {[%emt 0:00:23]} 6. Nf3 {[%emt 0:04:42]} Ngf6 {[%emt 0:01:09]} 7. Bd3 {[%emt 0:00:08]} c5 {[%emt 0:03:46]} 8. O-O {[%emt 0:07:37]} cxd4 {[%emt 0:05:05]} 9. Nxd4 {[%emt 0:04:15]} O-O {[%emt 0:08:27]} 10. Qe2 {[%emt 0:04:11]} Nxe4 {[%emt 0:21:44]} 11. Bxe4 {[%emt 0:03:21]} Nf6 {[%emt 0:04:38]} 12. Bf3 {[%emt 0:00:19]} a6 {[%emt 0:06:17]} 13. Bf4 {[%emt 0:09:36]} Bd6 {[%emt 0:01:18]} 14. Bg5 {[%emt 0:05:43]} Qc7 {[%emt 0:01:16]} 15. Bxf6 {[%emt 0:00:50]} gxf6 {[%emt 0:00:07]} 16. g3 {[%emt 0:00:10]} f5 {[%emt 0:05:45]} 17. Rad1 {[%emt 0:06:31]} Be5 {[%emt 0:01:42]} 18. Bg2 {[%emt 0:08:16]} Bg7 {[%emt 0:00:15]} 19. Qd2 {[%emt 0:00:31]} Rb8 {[%emt 0:01:22]} 20. a4 {[%emt 0:05:38]} Rd8 {[%emt 0:18:19]} 21. Qg5 {[%emt 0:17:17]} Bd7 {[%emt 0:00:41]} 22. Ra1 {[%emt 0:00:16]} b6 {[%emt 0:02:20]} 23. Rfd1 {[%emt 0:00:24]} Be8 {[%emt 0:00:54]} 24. Rd3 {[%emt 0:01:50]} h6 {[%emt 0:02:11]} 25. Qe3 {[%emt 0:01:31]} Qe5 {[%emt 0:02:31]} 26. Qd2 {[%emt 0:01:08]} Qf6 {[%emt 0:00:07]} 27. f4 {[%emt 0:02:27]} b5 {[%emt 0:00:57]} 28. axb5 {[%emt 0:01:25]} Bxb5 {[%emt 0:00:49]} 29. Nxb5 {[%emt 0:00:13]} Rxd3 {[%emt 0:01:00]} 30. Qxd3 {[%emt 0:00:03]} axb5 {[%emt 0:00:07]} 31. Qd6 {[%emt 0:01:52]} Qd8 {[%emt 0:01:14]} 32. Qxb8 {[%emt 0:00:37]} Qxb8 {[%emt 0:00:06]} 33. Ra8 {[%emt 0:00:02]} Qxa8 {[%emt 0:00:10]} 34. Bxa8 {[%emt 0:00:02]} Kf8 {[%emt 0:00:41]} 35. Kf2 {[%emt 0:00:20]} Ke7 {[%emt 0:00:37]} 36. Bc6 {[%emt 0:00:02]} b4 {[%emt 0:00:07]} 37. cxb4 {[%emt 0:00:04]} Bxb2 {[%emt 0:00:10]} 38. Kf3 {[%emt 0:00:11]} Ba3 {[%emt 0:00:23]} 39. b5 {[%emt 0:00:03]} Bc5 {[%emt 0:00:04]} 40. h3 {[%emt 0:00:00]} h5 {[%emt 0:00:00]} 41. Bb7 {[%emt 0:00:20]} Bb6 {[%emt 0:00:53]} 1/2-1/2